00959cam a22002291 4500001001300000003000400013005001700017008004100034010002300075025001900098043001200117050001900129082001200148100004500160245008300205260015200288300001700440505007900457651005300536710012300589999001700712sa 67000250 DLC20260227112313.0790608m19651974ii 00000 eng  asa 67000250 //r852 aPL480:I-E-6457 aa-ii---0 aDS485.A55bV43 a954/.8410aVenkatarangaiya, Mamidipudi,d1889-eed.14aThe freedom struggle in Andhra Pradesh (Andhra)cEdited by M. Venkatarangaiya.0 a[Hyderabad]bAndhra Pradesh State Committee Appointed for the Compilation of a History of the Freedom Struggle in Andhra Pradesh (Andhra)c1965-74. a4 v.c25 cm.0 av. 1. 1800-1905--v. 2. 1906-1920.--v. 3.--1921-1931 A.D.--v. 4. 1932-1947. 0aAndhra Pradesh (India)xPolitics and government.10aAndhra Pradesh (India).bState Committee for the Compilation of the History of the Freedom Struggle in Andhra Pradesh. c71852d71852